Les 15 pays les plus nul au football selon la FIFA - Statistiques

Statistiques générales
  • Ce quiz a été pris 482 fois
  • Le résultat moyen est 3 sur 15
Statistiques - réponses
Classement FIFA Pays % Correct
n°207 Saint-Marin
85%
n°198 Gibraltar
59%
n°200 Liechtenstein
51%
n°193 Pakistan
17%
n°195 Seychelles
16%
n°196 Somalie
16%
n°202 Sri Lanka
16%
n°197 Timor oriental
12%
n°199 Bahamas
11%
n°204 Îles Vierges britanniques
7%
n°206 Anguilla
5%
n°203 Guam
5%
n°205 Îles Vierges américaines
5%
n°194 Îles Caïmans
4%
n°201 Turks-et-Caicos
2%
Aucun quiz correspondant
Distribution des résultats
% des personnes avec chaque résultat
Percentile par nombre de réponses
Votre historique - résultats
Vous n’avez pas pris ce quiz